Catalog

Record Details

Catalog Search



Theologisches Handwörterbuch zum Alten Testament :  Band II /  Cover Image Book Book

Theologisches Handwörterbuch zum Alten Testament :  Band II /  herausgegeben von Ernst Jenni unter Mitarbeit von Claus Westermann

Jenni, Ernst (Author). Westermann, Claus (Added Author).

Record details

  • ISBN: 3-459-00789-3
  • Physical Description: x + 602 S.
  • Edition: 3., durchges. Aufl.
  • Publisher: München: Chr. Kaiser Verlag, 1984.

Content descriptions

General Note:
Zwei Bände

Available copies

  • 2 of 2 copies available at Common Catalog SPOK.

Holds

  • 0 current holds with 2 total copies.
Show Only Available Copies
Location Call Number / Copy Notes Barcode Shelving Location Status Due Date
ETS Library 221.3 424470007905 U výpůjčního pultu Available -
ETS Library 221.3 424470017357 Volný výběr Available -

LDR 00854nam a2 00277
00134279
003CZ-PrJAB
00520200307110050.0
008000925s1984 xr e |||| |ger
009ge
020 . ‡a3-459-00789-3
035 . ‡a(CONS)9225
035 . ‡aKPS7345
040 . ‡aABG450
041 . ‡ager
08214. ‡a221.3
100 . ‡71736 ‡aJenni, Ernst
245 . ‡aTheologisches Handwörterbuch zum Alten Testament :  ‡bBand II /  ‡cherausgegeben von Ernst Jenni unter Mitarbeit von Claus Westermann
250 . ‡a3., durchges. Aufl.
260 . ‡aMünchen: ‡bChr. Kaiser Verlag, ‡c1984.
300 . ‡ax + 602 S.
500 . ‡aZwei Bände
653 . ‡aTheologisches Handwörterbuch zum Alten Testament
700 . ‡7181 ‡aWestermann, Claus
8524 . ‡bETS ‡bETS ‡cU výpůjčního pultu ‡j221.3 ‡gP ‡p424470007905 ‡xreference
910 . ‡aABG450
999 . ‡a9225 ‡bAUTOGEN ‡c9225 ‡tbiblio
905 . ‡uadmin
901 . ‡a34279 ‡bCZ-PrJAB ‡c34279 ‡tbiblio ‡sets

Additional Resources